00365nam a2200157Ia 45000010006000000050017000060080041000230410008000640820018000721000022000902450042001122600009001543000028001636500008001916540008001991564320260306170211.0260306t2013||||xx |||||||||||||| ||und|| aESP a570bC97 2013 aStarr, CecieeAUT 0aBiología:bconceptos y aplicaciones c2013 a837 páginas :c27 cm. aGEN aCCN